Statistics for Disney Movies by Clue

Click here to take the quiz!

General Stats

  • This quiz has been taken 1,439 times
  • The average score is 7 of 12

Answer Stats

HintAnswer% Correct
This elephant has 2 big ears and can fly.Dumbo
84%
She has 2 ugly step sisters and on night a fairy comes to her house and makes a dress and she goes to the ball only if she is back by midnight.Cinderella
83%
A boy that does not get older lives in Netherland where there are no adultsPeter Pan
81%
Ariel, a sixteen year old mermaid princess, is dissatisfied with life under the sea and is curious about the human world.The little Mermaid
81%
Jafar, Grand Vizier to the Sultan of Agrabah, is attempting to retrieve a magical oil lamp containing a genie from the cave of wonders.Aladdin
77%
The huns, led by ruthless Shan Yu, invade Han China, forcing the chinese emperor to command a general moblizationMulan
77%
On Christmas morning 1909, Jim Dear gives his wife Darling, a cocker spaniel puppy.Lady and the Tramp
76%
The main character which is also the name of the movie lives in sherwood forest with his friend little john where they rob the rich and give it to the poorRobin Hood
75%
Songwriter Roger lives in a flat in London with his dalmation Pongo.One hundred and one dalmatians
15%
An enchantress disguised as an old women begging offers a young princess an apple which she eats putting her into a long sleep.Snow white and the 7 Dwarfs
13%
Maggie is the only cow left on the Dixon Ranch after Alamida Slim had stole all the rest of the cows.Home on the Ranch
5%
When Litwak's arcade closes at night, the various video-game characters leave their normal in game roles and are free to travel to other games.Wreak it Ralph
4%

Score Distribution

Percentile by Number Answered

Percent of People with Each Score

Your Score History

You have not taken this quiz